| 000 | 00679cam a2200217 a 4500 | ||
|---|---|---|---|
| 001 | 000003163 | ||
| 005 | 20200929150340.0 | ||
| 008 | 800619s1970 nyu 001 f eng | ||
| 040 |
_aDO-SdBNP _bspa _cBNPHU |
||
| 041 | 1 | 7 |
_aspa _heng |
| 082 |
_a813.54 _bP844c |
||
| 100 | 1 |
_aPorter, Katherine Anne, _d1890-1980. _910007 |
|
| 245 | 1 | 4 |
_aThe collected stories of Katherine Anne Porter / _cKatherine Anne Porter. |
| 260 |
_aNew York : _bNew American Library, _c1970. |
||
| 300 |
_aviiii, 495 p. ; _c24 cm. |
||
| 490 | 1 | _aPlume Books | |
| 504 | _aIncluye índice | ||
| 650 | 4 |
_aNovela estadounidense _9262 |
|
| 650 | 4 |
_aLiteratura estadounidense _9263 |
|
| 830 | 0 |
_aPlume Books _910008 |
|
| 999 |
_c2994 _d2994 |
||